| 000 | 00000nam##2200000za#4500 |
| 001 | 9.635455 |
| 003 | CaOODSP |
| 005 | 20210624220249 |
| 007 | cr ||||||||||| |
| 008 | 150407|2007||||xxc|||||o f|0| 0 fre|d |
| 020 | |a978-0-662-04260-0 |
| 040 | |aCaOODSP|bfre |
| 043 | |an-cn--- |
| 086 | 1 |aH34-172/2-2007F-PDF |
| 110 | 1 |aCanada.|bSanté Canada. |bDirection générale de la santé des Premières nations et des Inuits. |
| 245 | 10|aExamen de la documentation et des sources de données nationales sur la santé : |h[ressource électronique]|bévaluation des besoins de soins continus dans les communautés des Premières nations et des Inuits / |crédigé pour Santé Canada par Hollander Analytical Services Ltd. |
| 260 | |aOttawa - Ontario : |bSanté Canada. |cc2008. |
| 300 | |a196p.|bfigures, graphiques, références, tableaux |
| 500 | |aLe n° de catalogue (H34-172/2-2007F) et l’ISBN (978-0-662-09067-0) de l'édition imprimée ont été incorrectement copiés dans la version PDF. |
| 590 | |a10-10-Supp|b2010-11-09 |
| 691 | 07|aSanté|2gcpds |
| 775 | 08|tReview of literature and national health data sources : |w(CaOODSP)9.691120 |
| 856 | 40|ahttp://publications.gc.ca|qPDF|s2898 Ko|uhttps://publications.gc.ca/collections/collection_2009/sc-hc/H34-172-2-2007F.pdf |
| 986 | |aSC Pub. N ° : 3469 |